[Event "BRA-ch Internet 1st"]
[Site "ICC INT"]
[Date "2008.12.21"]
[Round "1.2"]
[White "Matsuura, Everaldo"]
[Black "Resende, Antonio Carlos"]
[Result "1-0"]
[WhiteElo "2469"]
[BlackElo "2403"]
[PlyCount "109"]
[EventDate "2008.12.21"]
[EventType "k.o."]
[EventRounds "4"]
[EventCountry "BRA"]
[SourceTitle "CBM 127 Extra"]
[Source "ChessBase"]
[SourceDate "2009.01.08"]
[SourceVersion "2"]
[SourceVersionDate "2009.01.28"]
[SourceQuality "1"]

1. e4 g6 2. d4 Bg7 3. Nc3 d6 4. Be3 c6 5. f3 Nd7 6. Qd2 b5 7. Bd3 Bb7 8. Nh3 a6 9. a4 b4 10. Ne2 c5 11. c3 bxc3 12. bxc3 Qa5 13. 0-0 Ngf6 14. Bh6 0-0 15. Bxg7 Kxg7 16. Qg5 h6 17. Qe3 cxd4 18. cxd4 e5 19. f4 exd4 20. Qxd4 Qc5 21. Nf2 Rfe8 22. Qb2 Rab8 23. Rac1 Qe3 24. Qa1 Nc5 25. e5 Nxd3 26. exf6+ Kg8 27. Rc3 Qxe2 28. Rxd3 d5 29. Rg3 Bc8 30. Qd4 Qxf1+ 31. Kxf1 Be6 32. Re3 Rb1+ 33. Re1 Rb2 34. Nd3 Rd2 35. Qe3 Rc8 36. Qxd2 d4 37. Ne5 Rd8 38. Qd3 Rc8 39. Kf2 Bf5 40. Qxd4 Be6 41. Re2 Kh7 42. Qd6 Kg8 43. Qe7 a5 44. Nxg6 Kh7 45. Rxe6 Kxg6 46. Re5 Rc2+ 47. Re2 Rc6 48. f5+ Kg5 49. Qe3+ Kxf5 50. Qe4+ Kxf6 51. Qxc6+ Kg7 52. Re3 h5 53. Rg3+ Kf8 54. Qf6 Ke8 55. Rd3 1-0

[Event "Capablanca Memorial op 41st"]
[Site "Havana"]
[Date "2006.11.26"]
[Round "6"]
[White "Otero Acosta, Diasmany"]
[Black "Resende, Antonio Carlos"]
[Result "1-0"]
[WhiteElo "2423"]
[BlackElo "2402"]
[PlyCount "65"]
[EventDate "2006.11.21"]
[EventType "swiss"]
[EventRounds "10"]
[EventCountry "CUB"]
[SourceTitle "CBM 115 Extra"]
[Source "ChessBase"]
[SourceDate "2007.01.10"]
[SourceVersion "1"]
[SourceVersionDate "2007.01.10"]
[SourceQuality "1"]

1. d4 g6 2. e4 Bg7 3. Nc3 d6 4. Be2 Nf6 5. h4 h5 6. Nf3 c6 7. Ng5 Qa5 8. 0-0 Na6 9. Bc4 0-0 10. Bd2 b5 11. Bb3 Qb6 12. e5 dxe5 13. dxe5 Ng4 14. e6 f6 15. Nh3 Nc5 16. Nf4 Kh7 17. Qf3 f5 18. Rfe1 Bb7 19. Be3 Bxc3 20. bxc3 Nxe3 21. Rxe3 Ne4 22. Rd1 c5 23. Rd7 Rae8 24. Bd5 Bxd5 25. Rxd5 Rf6 26. Rxe4 fxe4 27. Qxe4 Rxf4 28. Rxh5+ Kg7 29. Qxf4 Qxe6 30. Rxc5 Qxa2 31. h5 Qe6 32. Rg5 Rf8 33. h6+ 1-0

[Event "BRA-ch"]
[Site "Rio de Janeiro"]
[Date "2004.03.01"]
[Round "6"]
[White "Resende, Antonio Carlos"]
[Black "Bittencourt, Jorge Humberto M"]
[Result "1/2-1/2"]
[WhiteElo "2368"]
[BlackElo "2341"]
[PlyCount "47"]
[EventDate "2004.02.26"]
[EventType "swiss"]
[EventRounds "9"]
[EventCountry "BRA"]
[SourceTitle "CBM 099 Extra"]
[Source "ChessBase"]
[SourceDate "2004.05.04"]
[SourceVersion "1"]
[SourceVersionDate "2004.05.04"]
[SourceQuality "1"]

1. Nf3 Nf6 2. g3 g6 3. Bg2 Bg7 4. c4 c6 5. 0-0 0-0 6. d4 d5 7. cxd5 cxd5 8. Ne5 e6 9. Nc3 Nfd7 10. f4 Nc6 11. Be3 f6 12. Nf3 Nb6 13. Bf2 f5 14. h3 Nc4 15. b3 Nd6 16. Ne5 Bd7 17. Qd2 Qe7 18. Rac1 Rac8 19. g4 Rfd8 20. Kh2 Be8 21. gxf5 Nxf5 22. Nf3 Qb4 23. Rfd1 Qa5 24. e3 1/2-1/2

[Event "BRA-ch"]
[Site "Rio de Janeiro"]
[Date "2004.02.28"]
[Round "4"]
[White "Resende, Antonio Carlos"]
[Black "Lima, Darcy Gustavo Macha"]
[Result "1/2-1/2"]
[WhiteElo "2368"]
[BlackElo "2537"]
[PlyCount "42"]
[EventDate "2004.02.26"]
[EventType "swiss"]
[EventRounds "9"]
[EventCountry "BRA"]
[SourceTitle "CBM 099 Extra"]
[Source "ChessBase"]
[SourceDate "2004.05.04"]
[SourceVersion "1"]
[SourceVersionDate "2004.05.04"]
[SourceQuality "1"]

1. e4 e5 2. Nf3 Nc6 3. d4 exd4 4. Nxd4 Nf6 5. Nc3 Bb4 6. Nxc6 bxc6 7. Bd3 0-0 8. 0-0 d5 9. exd5 cxd5 10. Bg5 Be6 11. Qf3 Be7 12. h3 Rb8 13. b3 h6 14. Bd2 c5 15. Rad1 Qc8 16. Bf4 Ra8 17. Be5 Rd8 18. Qg3 Nh5 19. Qf3 Nf6 20. Qg3 Nh5 21. Qf3 Nf6 1/2-1/2

[Event "BRA-ch"]
[Site "Rio de Janeiro"]
[Date "2004.02.27"]
[Round "3"]
[White "Teixeira, Ricardo da Silva"]
[Black "Resende, Antonio Carlos"]
[Result "1/2-1/2"]
[WhiteElo "2368"]
[BlackElo "2368"]
[PlyCount "58"]
[EventDate "2004.02.26"]
[EventType "swiss"]
[EventRounds "9"]
[EventCountry "BRA"]
[SourceTitle "CBM 099 Extra"]
[Source "ChessBase"]
[SourceDate "2004.05.04"]
[SourceVersion "1"]
[SourceVersionDate "2004.05.04"]
[SourceQuality "1"]

1. d4 Nf6 2. Nf3 d6 3. c4 Bg4 4. g3 Bxf3 5. exf3 e6 6. Nc3 Nbd7 7. Be3 c6 8. Be2 a6 9. b4 Be7 10. 0-0 0-0 11. a4 d5 12. c5 e5 13. a5 Ne8 14. dxe5 Nxe5 15. Na4 Qc7 16. Re1 Ng6 17. Bd4 Bf6 18. Bf1 Bxd4 19. Qxd4 Nf6 20. Re3 Rae8 21. Rae1 Rxe3 22. fxe3 Re8 23. Nc3 Qe5 24. Qxe5 Nxe5 25. Kf2 Kf8 26. h3 Rd8 27. Rd1 Ke7 28. f4 Ned7 29. Bg2 h6 1/2-1/2

[Event "BRA-ch"]
[Site "Rio de Janeiro"]
[Date "2004.02.26"]
[Round "1"]
[White "Miranda, Roberto Calheiros J"]
[Black "Resende, Antonio Carlos"]
[Result "0-1"]
[WhiteElo "2213"]
[BlackElo "2368"]
[PlyCount "78"]
[EventDate "2004.02.26"]
[EventType "swiss"]
[EventRounds "9"]
[EventCountry "BRA"]
[SourceTitle "CBM 099 Extra"]
[Source "ChessBase"]
[SourceDate "2004.05.04"]
[SourceVersion "1"]
[SourceVersionDate "2004.05.04"]
[SourceQuality "1"]

1. d4 Nf6 2. c4 c5 3. d5 e6 4. Nc3 exd5 5. cxd5 d6 6. e4 a6 7. a4 g6 8. g3 Bg7 9. Bg2 0-0 10. Nge2 Nbd7 11. 0-0 Re8 12. Qc2 Qe7 13. Re1 h5 14. Bg5 Qf8 15. Rad1 Nh7 16. Bc1 Rb8 17. a5 Qe7 18. f4 Qd8 19. Qa4 b5 20. axb6 Nxb6 21. Qc2 h4 22. Bf3 hxg3 23. hxg3 Nc4 24. e5 dxe5 25. Ne4 Nd6 26. Qxc5 Nxe4 27. Bxe4 exf4 28. Nxf4 Bg4 29. Rd3 Ng5 30. Rde3 Rc8 31. Qb4 f5 32. Nxg6 fxe4 33. Rf1 Nf3+ 34. Rexf3 Bxf3 35. d6 Qd7 36. Nf4 Qa7+ 37. Kh2 Rc2+ 38. Bd2 Qd4 39. Qb3+ Qc4 0-1

[Event "Sao Paulo Interclubs"]
[Site "Sao Paulo"]
[Date "2003.??.??"]
[Round "2"]
[White "Umetsubo, Otavio"]
[Black "Resende, Antonio Carlos"]
[Result "0-1"]
[WhiteElo "2098"]
[BlackElo "2368"]
[PlyCount "74"]
[EventDate "2003.03.08"]
[EventType "team"]
[EventRounds "7"]
[EventCountry "BRA"]
[SourceTitle "CBM 093 Extra"]
[Source "ChessBase"]
[SourceDate "2003.05.09"]
[SourceVersion "1"]
[SourceVersionDate "2003.05.09"]
[SourceQuality "1"]

1. d4 g6 2. Nf3 Bg7 3. Nbd2 Nf6 4. e4 d6 5. Bc4 0-0 6. Qe2 Nc6 7. c3 e5 8. dxe5 dxe5 9. 0-0 Nh5 10. Rd1 Nf4 11. Qe1 Qf6 12. b4 Bg4 13. b5 Na5 14. Bf1 Rfd8 15. Bb2 Nd3 16. Bxd3 Rxd3 17. h3 Bxf3 18. Nxf3 Rad8 19. Rxd3 Rxd3 20. Qe2 Qd8 21. Nd4 Nc4 22. Qxd3 Nxb2 23. Qc2 exd4 24. Qxb2 dxc3 25. Qc2 Bd4 26. Rd1 Qf6 27. Rd3 c5 28. bxc6 bxc6 29. Rf3 Qe6 30. h4 h5 31. g3 Qc4 32. Kg2 Qb4 33. Qd3 Qc5 34. Qa6 c2 35. Qc8+ Kg7 36. Qd7 Bf6 37. e5 c1Q 0-1

[Event "Itau Mercosul Cup 4th"]
[Site "Sao Paulo"]
[Date "2000.10.18"]
[Round "3"]
[White "Moyses, Ivone"]
[Black "Resende, Antonio Carlos"]
[Result "0-1"]
[WhiteElo "2090"]
[BlackElo "2359"]
[PlyCount "72"]
[EventDate "2000.10.??"]
[EventType "swiss"]
[EventRounds "7"]
[EventCountry "BRA"]
[SourceTitle "EXT 2001"]
[Source "ChessBase"]
[SourceDate "2000.11.22"]
[SourceVersion "1"]
[SourceVersionDate "2000.11.22"]
[SourceQuality "1"]

1. d4 g6 2. e4 Bg7 3. Nf3 d6 4. h3 Nf6 5. Bd3 0-0 6. 0-0 Nc6 7. c3 e5 8. d5 Ne7 9. Be3 Nd7 10. b4 f5 11. Ng5 Nf6 12. exf5 gxf5 13. Bc4 h6 14. Nf3 Qe8 15. Nxe5 b5 16. Bb3 a5 17. bxa5 dxe5 18. d6+ Kh8 19. dxe7 Qxe7 20. Qe1 Rxa5 21. f3 Nd7 22. Nd2 Nc5 23. Qe2 Bd7 24. Rad1 Bc6 25. Rfe1 Raa8 26. Kh1 Nxb3 27. Nxb3 Qh4 28. Bf2 Qh5 29. Nc5 Rfe8 30. Kh2 Qf7 31. Rd2 Ra3 32. Rc2 Kg8 33. Qd2 Bd5 34. Rb1 c6 35. Rbb2 Qc7 36. Kh1 Qc8 0-1

[Event "Paulisto-ch4"]
[Site "Americana"]
[Date "2000.06.25"]
[Round "7"]
[White "Pereira, Silvio Cunha"]
[Black "Resende, Antonio Carlos"]
[Result "1/2-1/2"]
[WhiteElo "2255"]
[BlackElo "2359"]
[PlyCount "21"]
[EventDate "2000.06.22"]
[EventType "swiss"]
[EventRounds "7"]
[EventCountry "BRA"]
[SourceTitle "EXT 2001"]
[Source "ChessBase"]
[SourceDate "2000.11.22"]
[SourceVersion "1"]
[SourceVersionDate "2000.11.22"]
[SourceQuality "1"]

1. e4 c5 2. Nf3 e6 3. d4 cxd4 4. Nxd4 a6 5. Nc3 Qc7 6. Bd3 Nf6 7. 0-0 b5 8. a3 Bb7 9. Be3 Be7 10. Qe2 0-0 11. f4 1/2-1/2

[Event "Paulisto-ch4"]
[Site "Americana"]
[Date "2000.06.23"]
[Round "3"]
[White "Gimenez, Jayme Augusto"]
[Black "Resende, Antonio Carlos"]
[Result "0-1"]
[WhiteElo "2210"]
[BlackElo "2359"]
[PlyCount "44"]
[EventDate "2000.06.22"]
[EventType "swiss"]
[EventRounds "7"]
[EventCountry "BRA"]
[SourceTitle "EXT 2001"]
[Source "ChessBase"]
[SourceDate "2000.11.22"]
[SourceVersion "1"]
[SourceVersionDate "2000.11.22"]
[SourceQuality "1"]

1. Nf3 c5 2. b3 b6 3. Bb2 Bb7 4. e3 Nf6 5. Be2 d6 6. d4 Nbd7 7. 0-0 g6 8. c4 Bg7 9. Nc3 0-0 10. Qc2 cxd4 11. exd4 d5 12. Ne5 dxc4 13. Bxc4 a6 14. Rfe1 b5 15. Bf1 Rc8 16. Qe2 Nb6 17. Rad1 b4 18. Nb1 Nbd5 19. Nc4 Nd7 20. Qg4 h5 21. Qh4 N7f6 22. h3 Bh6 0-1

[Event "Braganca Paulista JAI"]
[Site "Braganca Paulista"]
[Date "1996.10.??"]
[Round "3"]
[White "Martins, Carlos"]
[Black "Resende, Antonio Carlos"]
[Result "0-1"]
[WhiteElo "2300"]
[BlackElo "2360"]
[PlyCount "76"]
[EventDate "1996.10.06"]
[EventType "team-swiss"]
[EventRounds "7"]
[EventCountry "BRA"]
[SourceTitle "EXT 2022"]
[Source "ChessBase"]
[SourceDate "2021.10.06"]
[SourceVersion "1"]
[SourceVersionDate "2021.10.06"]
[SourceQuality "1"]
[WhiteTeam "Assis"]
[BlackTeam "Osasco"]
[WhiteTeamCountry "BRA"]
[BlackTeamCountry "BRA"]

1. e4 d6 2. d4 Nf6 3. Nc3 g6 4. Bg5 Bg7 5. Qd2 h6 6. Bh4 g5 7. Bg3 Nh5 8. 0-0-0 Nd7 9. Kb1 c6 10. f3 Nxg3 11. hxg3 b5 12. Nce2 Nb6 13. Nc1 Be6 14. f4 gxf4 15. gxf4 Nc4 16. Bxc4 bxc4 17. f5 Bd7 18. Nge2 Rb8 19. Ng3 c5 20. c3 Qa5 21. Nh5 Bxd4 22. Ne2 Be5 23. Rh3 Bc6 24. Ka1 Rb6 25. f6 e6 26. Ng1 Bxe4 27. a3 Rb3 28. Ka2 Qa4 29. Re3 Kd7 30. Qc1 Rhb8 31. Rd2 Bd3 32. Rxe5 dxe5 33. Nf3 e4 34. Ne5+ Kc7 35. Ng4 R8b6 36. Ne3 Ra6 37. Ka1 Qb5 38. Nf4 Raxa3+ 0-1

[Event "Braganca Paulista JAI"]
[Site "Braganca Paulista"]
[Date "1996.10.??"]
[Round "5"]
[White "Resende, Antonio Carlos"]
[Black "Soppe, Guillermo"]
[Result "0-1"]
[WhiteElo "2360"]
[BlackElo "2485"]
[PlyCount "95"]
[EventDate "1996.10.06"]
[EventType "team-swiss"]
[EventRounds "7"]
[EventCountry "BRA"]
[SourceTitle "EXT 2022"]
[Source "ChessBase"]
[SourceDate "2021.10.06"]
[SourceVersion "1"]
[SourceVersionDate "2021.10.06"]
[SourceQuality "1"]
[WhiteTeam "Osasco"]
[BlackTeam "Santo Andre"]
[WhiteTeamCountry "BRA"]
[BlackTeamCountry "BRA"]

1. e4 c6 2. d4 d5 3. exd5 cxd5 4. Bd3 Nc6 5. c3 Nf6 6. Bf4 Bg4 7. Qb3 Qc8 8. Nd2 e6 9. Ngf3 Nd7 10. 0-0 Be7 11. a4 Bh5 12. a5 a6 13. Qa4 0-0 14. Rfc1 Bf6 15. Re1 Bg6 16. Bxg6 hxg6 17. Re2 b5 18. axb6 Nxb6 19. Qa2 a5 20. Bd6 Qa6 21. Re3 Qb5 22. Bc7 Ra7 23. Bxb6 Qxb6 24. Qa4 Rb8 25. Ra2 Qc7 26. Re2 Rab7 27. Nf1 Rb5 28. g3 Ne7 29. Ne3 Nc8 30. Ng4 Nd6 31. Nge5 R8b6 32. Kg2 Rb8 33. h4 Qb7 34. Kg1 Ne4 35. Kg2 Be7 36. Kf1 Bd6 37. Qd1 Nxc3 38. bxc3 Rb1 39. Ra1 Rxd1+ 40. Rxd1 a4 41. Kg2 a3 42. Rc2 Qb3 43. Rdd2 Rc8 44. Nd3 Rxc3 45. Nfe1 Rxc2 46. Rxc2 a2 47. Nc1 Qb4 48. Rc8+ 0-1

[Event "Braganca Paulista JAI"]
[Site "Braganca Paulista"]
[Date "1996.10.??"]
[Round "7"]
[White "Resende, Antonio Carlos"]
[Black "Trois, Francisco R Torres"]
[Result "1/2-1/2"]
[WhiteElo "2360"]
[BlackElo "2345"]
[PlyCount "50"]
[EventDate "1996.10.06"]
[EventType "team-swiss"]
[EventRounds "7"]
[EventCountry "BRA"]
[SourceTitle "EXT 2022"]
[Source "ChessBase"]
[SourceDate "2021.10.06"]
[SourceVersion "1"]
[SourceVersionDate "2021.10.06"]
[SourceQuality "1"]
[WhiteTeam "Osasco"]
[BlackTeam "Santos"]
[WhiteTeamCountry "BRA"]
[BlackTeamCountry "BRA"]

1. e4 e5 2. Nf3 d6 3. d4 exd4 4. Nxd4 Nf6 5. Nc3 Be7 6. Be2 0-0 7. f4 Re8 8. 0-0 Bf8 9. Bf3 Na6 10. Nb3 c6 11. Kh1 Qc7 12. Re1 Be6 13. Nd4 Rad8 14. Nxe6 Rxe6 15. Be3 Nc5 16. Bf2 a5 17. Qd4 Nfd7 18. Rad1 Ree8 19. Qd2 b5 20. a3 a4 21. Na2 Nb6 22. Nb4 Nc4 23. Qc3 Ra8 24. g3 Nd7 25. Bg2 Ndb6 1/2-1/2

[Event "Sao Paulo CCM CXSP"]
[Site "Sao Paulo"]
[Date "1995.03.??"]
[Round "3"]
[White "Llanos, Guillermo"]
[Black "Resende, Antonio Carlos"]
[Result "1/2-1/2"]
[WhiteElo "2360"]
[BlackElo "2350"]
[PlyCount "60"]
[EventDate "1995.??.??"]
[EventType "tourn"]
[EventRounds "11"]
[EventCountry "BRA"]
[EventCategory "3"]
[SourceTitle "EXT 2003"]
[Source "ChessBase"]
[SourceDate "2002.11.25"]
[SourceVersion "1"]
[SourceVersionDate "2002.11.25"]
[SourceQuality "1"]

1. d4 e6 2. c4 Bb4+ 3. Bd2 Qe7 4. Nf3 Nf6 5. Nc3 0-0 6. g3 d6 7. Bg2 e5 8. 0-0 Nbd7 9. Qc2 c6 10. e4 Nb6 11. c5 exd4 12. cxd6 Bxd6 13. Nxd4 Nc4 14. Bg5 h6 15. Bc1 Ne5 16. h3 Bc5 17. Nce2 Be6 18. Be3 Bb6 19. b3 Rad8 20. Rad1 Bc8 21. f4 Ng6 22. e5 Nd5 23. Bf2 Rfe8 24. Kh2 Nf8 25. Rfe1 Ng6 26. Be4 Nf8 27. Nc3 Nxc3 28. Qxc3 Qc7 29. Qc2 Qe7 30. Qc3 Qc7 1/2-1/2

[Event "Sao Paulo CCM CXSP"]
[Site "Sao Paulo"]
[Date "1995.03.??"]
[Round "6"]
[White "Pelikian, Jefferson"]
[Black "Resende, Antonio Carlos"]
[Result "0-1"]
[WhiteElo "2335"]
[BlackElo "2350"]
[PlyCount "140"]
[EventDate "1995.??.??"]
[EventType "tourn"]
[EventRounds "11"]
[EventCountry "BRA"]
[EventCategory "3"]
[SourceTitle "EXT 2003"]
[Source "ChessBase"]
[SourceDate "2002.11.25"]
[SourceVersion "1"]
[SourceVersionDate "2002.11.25"]
[SourceQuality "1"]

1. e4 c5 2. Nf3 d6 3. Bb5+ Bd7 4. Bxd7+ Qxd7 5. 0-0 Nc6 6. Re1 e6 7. c3 Nf6 8. d4 cxd4 9. cxd4 d5 10. e5 Ne4 11. Be3 Be7 12. Nfd2 Nxd2 13. Nxd2 0-0 14. Qg4 Bb4 15. a3 Bxd2 16. Bxd2 f5 17. exf6 Rxf6 18. Bc3 Raf8 19. f3 Rg6 20. Qh3 Rf4 21. Rad1 Qf7 22. Rd3 Qf6 23. g3 Rf5 24. Qg2 Qd8 25. Qe2 Qb6 26. Kg2 Rff6 27. Red1 Qb5 28. Qc2 Rf8 29. Be1 Rgf6 30. Bf2 Qc4 31. Rc3 Qa6 32. Re1 Qb6 33. Rd1 a6 34. h4 Na5 35. b3 Nc6 36. b4 Na7 37. Rdd3 Nb5 38. Rc5 Nd6 39. g4 Nc4 40. Bg3 R6f7 41. h5 Qd8 42. h6 gxh6 43. Qe2 Qf6 44. Rc3 Qg6 45. a4 Qb1 46. b5 Qb4 47. R3xc4 dxc4 48. Rxc4 Qb3 49. f4 axb5 50. axb5 Qxb5 51. Qxe6 Re8 52. Rc8 Rxc8 53. Qxc8+ Kg7 54. f5 Qc6+ 55. Qxc6 bxc6 56. Be5+ Kf8 57. Kg3 h5 58. gxh5 Rxf5 59. Kg4 Rf1 60. Kg5 Kf7 61. Kh6 Rf5 62. Bh8 Ke6 63. Bg7 Kd5 64. Bh8 Ke4 65. Bg7 Kf4 66. Be5+ Kg4 67. Kxh7 Kxh5 68. Kg7 c5 69. Bf6 Rxf6 70. Kxf6 cxd4 0-1

[Event "Sao Paulo CCM CXSP"]
[Site "Sao Paulo"]
[Date "1995.03.??"]
[Round "9"]
[White "Resende, Antonio Carlos"]
[Black "Barreras, Alberto"]
[Result "1-0"]
[WhiteElo "2350"]
[BlackElo "2315"]
[PlyCount "51"]
[EventDate "1995.??.??"]
[EventType "tourn"]
[EventRounds "11"]
[EventCountry "BRA"]
[EventCategory "3"]
[SourceTitle "EXT 2003"]
[Source "ChessBase"]
[SourceDate "2002.11.25"]
[SourceVersion "1"]
[SourceVersionDate "2002.11.25"]
[SourceQuality "1"]

1. d4 Nf6 2. c4 g6 3. Nc3 d5 4. cxd5 Nxd5 5. e4 Nxc3 6. bxc3 Bg7 7. Be3 0-0 8. Qd2 c5 9. Rc1 Qa5 10. Nf3 Nc6 11. d5 Ne5 12. Nxe5 Bxe5 13. f4 Bg7 14. Be2 e6 15. d6 Bd7 16. 0-0 b6 17. g4 Qa4 18. Bf3 Bc6 19. c4 f6 20. f5 e5 21. g5 fxg5 22. fxg6 hxg6 23. Bxg5 Rxf3 24. Rxf3 Bxe4 25. Re3 Bc6 26. d7 1-0

[Event "Sao Paulo CCM CXSP"]
[Site "Sao Paulo"]
[Date "1995.03.??"]
[Round "11"]
[White "Resende, Antonio Carlos"]
[Black "Diaz Diaz, Joaquin Carlos"]
[Result "1/2-1/2"]
[WhiteElo "2350"]
[BlackElo "2430"]
[PlyCount "33"]
[EventDate "1995.??.??"]
[EventType "tourn"]
[EventRounds "11"]
[EventCountry "BRA"]
[EventCategory "3"]
[SourceTitle "EXT 2003"]
[Source "ChessBase"]
[SourceDate "2002.11.25"]
[SourceVersion "1"]
[SourceVersionDate "2002.11.25"]
[SourceQuality "1"]

1. Nf3 Nf6 2. c4 e6 3. d4 d5 4. Nc3 Be7 5. Bf4 0-0 6. e3 c5 7. dxc5 Bxc5 8. a3 a6 9. Rc1 dxc4 10. Qxd8 Rxd8 11. Bxc4 b5 12. Be2 Bb6 13. Ne5 Bb7 14. Bf3 Bxf3 15. Nxf3 Nbd7 16. Ke2 Rdc8 17. Rhd1 1/2-1/2

[Event "Sao Paulo CCM CXSP"]
[Site "Sao Paulo"]
[Date "1995.03.??"]
[Round "5"]
[White "Resende, Antonio Carlos"]
[Black "Martinez, Carlos Alejandro"]
[Result "0-1"]
[WhiteElo "2350"]
[BlackElo "2335"]
[PlyCount "100"]
[EventDate "1995.??.??"]
[EventType "tourn"]
[EventRounds "11"]
[EventCountry "BRA"]
[EventCategory "3"]
[SourceTitle "EXT 2003"]
[Source "ChessBase"]
[SourceDate "2002.11.25"]
[SourceVersion "1"]
[SourceVersionDate "2002.11.25"]
[SourceQuality "1"]

1. d4 Nf6 2. c4 c5 3. d5 e6 4. Nc3 exd5 5. cxd5 d6 6. e4 g6 7. f3 Bg7 8. Bg5 0-0 9. Qd2 a6 10. a4 h6 11. Be3 Nh7 12. h4 h5 13. Nge2 Nd7 14. Bh6 Ne5 15. Bxg7 Kxg7 16. Ng3 Bd7 17. Be2 Qe8 18. 0-0 Qe7 19. f4 Ng4 20. Bxg4 hxg4 21. h5 b5 22. axb5 axb5 23. Rxa8 Rxa8 24. e5 dxe5 25. d6 Qe8 26. h6+ Kxh6 27. Nd5 Ra4 28. fxe5+ Kg7 29. Qf2 Qe6 30. Nb6 Rd4 31. Ne2 Re4 32. Nf4 Qf5 33. Nxd7 Qxd7 34. Qxc5 Ng5 35. Qd5 Nf3+ 36. Rxf3 Qa7+ 37. Kh2 Rd4 38. Ra3 Qb6 39. Ne6+ fxe6 40. Qxe6 Rd1 41. Qf6+ Kh6 42. Qf4+ Kg7 43. Re3 Rf1 44. Qg5 Qd4 45. Qe7+ Rf7 46. Qg5 Rf5 47. Qe7+ Kh6 48. Rg3 Rh5+ 49. Rh3 Qf4+ 50. Kg1 gxh3 0-1

[Event "Campinas JAI op"]
[Site "Campinas"]
[Date "1994.10.??"]
[Round "2"]
[White "Resende, Antonio Carlos"]
[Black "Vescovi, Giovanni P"]
[Result "0-1"]
[WhiteElo "2350"]
[BlackElo "2430"]
[PlyCount "110"]
[EventDate "1994.10.??"]
[EventType "swiss"]
[EventRounds "7"]
[EventCountry "BRA"]
[SourceTitle "EXT 2005"]
[Source "ChessBase"]
[SourceDate "2004.11.15"]
[SourceVersion "1"]
[SourceVersionDate "2004.11.15"]
[SourceQuality "1"]

1. d4 Nf6 2. c4 c5 3. Nf3 cxd4 4. Nxd4 e6 5. g3 a6 6. Bg2 Be7 7. 0-0 0-0 8. e4 d6 9. Nc3 Qc7 10. Qe2 Nc6 11. Nc2 b6 12. b3 Bb7 13. Bb2 Rac8 14. Rad1 Ne5 15. Rfe1 Rfe8 16. Ne3 Bc6 17. a4 Nfd7 18. f4 Ng6 19. Nc2 Bb7 20. Ne3 Nc5 21. b4 Nd7 22. Rc1 Qb8 23. h4 Bf8 24. h5 Ne7 25. Red1 Red8 26. Ng4 h6 27. Nxh6+ gxh6 28. Nd5 e5 29. Qg4+ Kh8 30. fxe5 Nxe5 31. Rf1 Bxd5 32. exd5 f5 33. Qh4 Re8 34. g4 fxg4 35. Rf7 Ng8 36. Qxg4 Rc7 37. Rcf1 Rxf7 38. Rxf7 Re7 39. Rxe7 Bxe7 40. Be4 Bf6 41. Qf5 Qc7 42. Kh1 Qd7 43. b5 Qxf5 44. Bxf5 a5 45. Bxe5 Bxe5 46. Kg2 Nf6 47. Bg6 Kg7 48. Kf3 Nd7 49. Bc2 Kf6 50. Kg4 Bh2 51. Bd1 Ne5+ 52. Kh3 Bg1 53. Be2 Kg5 54. Kg2 Bd4 55. Kg3 Nd7 0-1

[Event "BRA-chT Inter-Clubes"]
[Site "Caioba"]
[Date "1992.09.??"]
[Round "3"]
[White "Resende, Antonio Carlos"]
[Black "Agdamus, Jose Luis"]
[Result "1/2-1/2"]
[WhiteElo "2330"]
[BlackElo "2230"]
[PlyCount "29"]
[EventDate "1992.09.04"]
[EventType "team-swiss"]
[EventCountry "BRA"]
[SourceTitle "EXT 2022"]
[Source "ChessBase"]
[SourceDate "2021.10.06"]
[SourceVersion "1"]
[SourceVersionDate "2021.10.06"]
[SourceQuality "1"]
[WhiteTeam "Osasco EC"]
[BlackTeam "Santos CX"]
[WhiteTeamCountry "BRA"]
[BlackTeamCountry "BRA"]

1. d4 d5 2. c4 e6 3. Nc3 c6 4. e3 Nd7 5. Qc2 Ngf6 6. Nf3 Bd6 7. Be2 0-0 8. 0-0 dxc4 9. Bxc4 e5 10. h3 Qe7 11. Re1 e4 12. Nd2 Nb6 13. Bf1 Re8 14. g3 Nbd5 15. Bg2 1/2-1/2

[Event "BRA-chT Inter-Clubes"]
[Site "Caioba"]
[Date "1992.09.??"]
[Round "2"]
[White "Van Riemsdijk, Dirk Dagobert"]
[Black "Resende, Antonio Carlos"]
[Result "0-1"]
[WhiteElo "2250"]
[BlackElo "2330"]
[PlyCount "48"]
[EventDate "1992.09.04"]
[EventType "team-swiss"]
[EventCountry "BRA"]
[SourceTitle "EXT 2022"]
[Source "ChessBase"]
[SourceDate "2021.10.06"]
[SourceVersion "1"]
[SourceVersionDate "2021.10.06"]
[SourceQuality "1"]
[WhiteTeam "Rio Branco EC"]
[BlackTeam "Osasco EC"]
[WhiteTeamCountry "BRA"]
[BlackTeamCountry "BRA"]

1. e4 d6 2. d4 Nf6 3. Nc3 g6 4. Be2 Bg7 5. h4 c5 6. dxc5 Qa5 7. Kf1 Qxc5 8. Be3 Qa5 9. a3 h5 10. f3 Nc6 11. Qd2 Ne5 12. b4 Qd8 13. Rc1 a5 14. Nb5 axb4 15. axb4 0-0 16. c4 Bd7 17. Nh3 Bxb5 18. cxb5 Qd7 19. Nf4 Rfc8 20. Rxc8+ Rxc8 21. Qa2 Rc3 22. Kf2 Neg4+ 23. fxg4 Nxe4+ 24. Kf3 hxg4+ 0-1

[Event "Sao Paulo Latin America Cup"]
[Site "Sao Paulo"]
[Date "1992.08.??"]
[Round "10"]
[White "Milos, Gilberto"]
[Black "Resende, Antonio Carlos"]
[Result "1/2-1/2"]
[WhiteElo "2515"]
[BlackElo "2330"]
[PlyCount "28"]
[EventDate "1992.08.08"]
[EventType "swiss"]
[EventRounds "11"]
[EventCountry "BRA"]
[SourceTitle "EXT 2022"]
[Source "ChessBase"]
[SourceDate "2021.10.06"]
[SourceVersion "1"]
[SourceVersionDate "2021.10.06"]
[SourceQuality "1"]

1. e4 c5 2. Nf3 Nc6 3. d4 cxd4 4. Nxd4 g6 5. Be2 Bg7 6. Nb3 Nf6 7. Nc3 0-0 8. 0-0 d6 9. Bg5 a5 10. a4 Be6 11. Kh1 Rc8 12. f4 Nb4 13. Nd4 Bc4 14. Ndb5 d5 1/2-1/2

[Event "Sao Paulo Latin America Cup"]
[Site "Sao Paulo"]
[Date "1992.08.??"]
[Round "3"]
[White "Resende, Antonio Carlos"]
[Black "Trois, Francisco R Torres"]
[Result "1/2-1/2"]
[WhiteElo "2330"]
[BlackElo "2360"]
[PlyCount "35"]
[EventDate "1992.08.08"]
[EventType "swiss"]
[EventRounds "11"]
[EventCountry "BRA"]
[SourceTitle "EXT 2022"]
[Source "ChessBase"]
[SourceDate "2021.10.06"]
[SourceVersion "1"]
[SourceVersionDate "2021.10.06"]
[SourceQuality "1"]

1. Nf3 Nf6 2. d4 e6 3. c4 b6 4. g3 Ba6 5. b3 Bb4+ 6. Bd2 Be7 7. Bg2 Bb7 8. 0-0 c5 9. Bc3 cxd4 10. Bxd4 0-0 11. Bb2 a6 12. Nc3 d6 13. Re1 Nbd7 14. e4 Qc7 15. Qe2 Rfe8 16. Rad1 Rab8 17. Nd4 Bf8 18. Nc2 1/2-1/2